| 000 | 00882nam a2200313Ia 4500 | ||
|---|---|---|---|
| 008 | 160803s9999 xx 000 0 und d | ||
| 020 | _a 9780531149775 | ||
| 100 | _aVenezia, Mike | ||
| 245 | _aMarie Curie : | ||
| 245 | _bscientist who made glowing discoveries / | ||
| 245 | _cwritten and illustrated by Mike Venezia. | ||
| 260 | _aNew York : | ||
| 260 | _bScholastic Inc. | ||
| 260 | _c2009 | ||
| 300 | _a32 pages : | ||
| 300 | _billustrations (chiefly color) ; | ||
| 300 | _c25 cm. | ||
| 500 | _aIncludes glossary and index. | ||
| 650 | _aBiography. | ||
| 650 | _aBiography. | ||
| 650 | _aChemists -- France -- | ||
| 650 | _aCurie, Marie, -- 1867-1934. | ||
| 650 | _aWomen chemists -- France -- | ||
| 650 | _xBiography. | ||
| 650 | _xBiography. | ||
| 650 | _xChemists -- Poland -- | ||
| 650 | _xWomen chemists -- Poland -- | ||
| 700 | _a840 | ||
| 999 |
_c299155 _d299155 |
||